Leadership By Example : The Ten Key Principles Of All Great Leaders (Record no. 41187)

MARC details
000 -LEADER
fixed length control field 00432nam a2200145Ia 4500
008 - FIXED-LENGTH DATA ELEMENTS--GENERAL INFORMATION
fixed length control field 240719s9999 xx 000 0 und d
041 ## - LANGUAGE CODE
Language code of text/sound track or separate title eng
082 ## - DEWEY DECIMAL CLASSIFICATION NUMBER
Classification number 303.3 CHO
100 ## - MAIN ENTRY--PERSONAL NAME
Personal name Chopra Sanjiv
245 ## - TITLE STATEMENT
Title Leadership By Example : The Ten Key Principles Of All Great Leaders
260 ## - PUBLICATION, DISTRIBUTION, ETC.
Place of publication, distribution, etc. New York
Name of publisher, distributor, etc. Thomas Dunne Books
Date of publication, distribution, etc. 2012
300 ## - PHYSICAL DESCRIPTION
Extent 208.; P. 19 Cm
365 ## - TRADE PRICE
Currency code
Price amount 22.99
520 ## - SUMMARY, ETC.
Summary, etc. Gifted By : IMT Faculty Dr.senthil kumar
Holdings
Withdrawn status Lost status Damaged status Not for loan Home library Current library Shelving location Date acquired Full call number Barcode Date last seen Price effective from Koha item type Public note
        IMTN IMTN Rack 6-B 08/05/2023 303.3 CHO 32882 07/19/2024 07/19/2024 Books Gifted
Designed & Maintained by: LRC IMT Nagpur Contact: lrc@imtnag.ac.in© 2024. All Rights Reserved.